| 000 | 00782nam a2200241 4500 | ||
|---|---|---|---|
| 003 | OSt | ||
| 005 | 20240726073353.0 | ||
| 006 | a | ||
| 008 | 240726b |||||||| |||| 00| 0 eng d | ||
| 020 | _a9780071220941 | ||
| 040 |
_aDWCL-Main lib. _cOC |
||
| 082 |
_2Third edition _aCirc. 658.022 K19e 2011 |
||
| 100 | _aKatz, Jerome A. | ||
| 245 | _aEntrepreneurial small business / | ||
| 250 | _aThird edition | ||
| 260 |
_aN.Y. : _bMcGraw-Hill/Irwin, _cc2011. |
||
| 300 |
_axxxiii, _b( various paging) : ill. ( some col.) ; _c28 cm. |
||
| 504 | _aIncludes bibliographical references & index. | ||
| 650 | _a1. Small business-Management. | ||
| 650 | _a2. New business enterprises-Management. | ||
| 650 | _a3. Entrepreneurship. | ||
| 942 |
_2ddc _n0 _cBK-CIRC _eThird edition _kCirc. |
||
| 999 |
_c2825 _d2825 |
||